<?xml version="1.0" encoding="UTF-8"?>
<record
    xmlns:xsi="http://www.w3.org/2001/XMLSchema-instance"
    xsi:schemaLocation="http://www.loc.gov/MARC21/slim http://www.loc.gov/standards/marcxml/schema/MARC21slim.xsd"
    xmlns="http://www.loc.gov/MARC21/slim">

  <leader>01425nam a2200241Ia 4500</leader>
  <datafield tag="999" ind1=" " ind2=" ">
    <subfield code="c">9597</subfield>
    <subfield code="d">9597</subfield>
  </datafield>
  <controlfield tag="001">55087851</controlfield>
  <controlfield tag="003">OCoLC</controlfield>
  <controlfield tag="005">20241126110715.0</controlfield>
  <controlfield tag="008">040506s2004    nyuab    b    001 0 eng d</controlfield>
  <datafield tag="020" ind1=" " ind2=" ">
    <subfield code="a">0060582731</subfield>
  </datafield>
  <datafield tag="040" ind1=" " ind2=" ">
    <subfield code="a">MNG</subfield>
    <subfield code="c">MNG</subfield>
    <subfield code="d">CIN</subfield>
  </datafield>
  <datafield tag="082" ind1=" " ind2=" ">
    <subfield code="a">222.1206</subfield>
    <subfield code="b">HUM</subfield>
  </datafield>
  <datafield tag="100" ind1="1" ind2=" ">
    <subfield code="a">Humphreys, C. J.</subfield>
    <subfield code="q">(Colin J.)</subfield>
    <subfield code="9">16670</subfield>
  </datafield>
  <datafield tag="245" ind1="1" ind2="4">
    <subfield code="a">The miracles of Exodus :</subfield>
    <subfield code="b">a scientist's discovery of the extraordinary natural causes of the biblical stories /</subfield>
    <subfield code="c">Colin J. Humphreys</subfield>
  </datafield>
  <datafield tag="250" ind1=" " ind2=" ">
    <subfield code="a">1st HarperCollins paperback edition</subfield>
  </datafield>
  <datafield tag="260" ind1=" " ind2=" ">
    <subfield code="a">New York :</subfield>
    <subfield code="b">HarperCollins,</subfield>
    <subfield code="c">2004</subfield>
  </datafield>
  <datafield tag="300" ind1=" " ind2=" ">
    <subfield code="a">vi, 362 p. :</subfield>
    <subfield code="b">ill., maps ;</subfield>
    <subfield code="c">24 cm</subfield>
  </datafield>
  <datafield tag="504" ind1=" " ind2=" ">
    <subfield code="a">Includes bibliographical references (p. [341]-347) and index</subfield>
  </datafield>
  <datafield tag="505" ind1="0" ind2=" ">
    <subfield code="a">Unlocking the secrets of the Exodus -- Crossing the river Jordan -- The date of the Exodus -- Moses and Midian -- The burning bush -- The mountain of God, the mountain of fire -- Mission impossible: the Exodus strategy -- How many people were in the Exodus? -- Death on the Nile -- The journey starts: the pillar of cloud and the pillar of fire -- Where was the biblical Red Sea? -- The Red Sea revealed -- The lost site of Etham -- Trapped by Pharaoh -- Crossing the Red Sea -- Turning bitter water sweet -- From the clue of the dew to water from rock -- The spectacular site of Mount Sinai</subfield>
  </datafield>
  <datafield tag="630" ind1="0" ind2="0">
    <subfield code="a">Bible.</subfield>
    <subfield code="p">Exodus</subfield>
    <subfield code="x">History of Biblical events</subfield>
    <subfield code="9">16671</subfield>
  </datafield>
  <datafield tag="650" ind1=" " ind2="0">
    <subfield code="a">Exodus, The</subfield>
    <subfield code="9">16672</subfield>
  </datafield>
  <datafield tag="942" ind1=" " ind2=" ">
    <subfield code="2">ddc</subfield>
    <subfield code="c">BK</subfield>
    <subfield code="0">3</subfield>
  </datafield>
  <datafield tag="952" ind1=" " ind2=" ">
    <subfield code="0">0</subfield>
    <subfield code="1">0</subfield>
    <subfield code="2">ddc</subfield>
    <subfield code="4">0</subfield>
    <subfield code="7">0</subfield>
    <subfield code="a">GBC</subfield>
    <subfield code="b">GBC</subfield>
    <subfield code="c">BS</subfield>
    <subfield code="d">2023-03-21</subfield>
    <subfield code="l">4</subfield>
    <subfield code="o">222.1206 HUM</subfield>
    <subfield code="p">016128</subfield>
    <subfield code="r">2026-02-23 10:41:47</subfield>
    <subfield code="s">2026-02-13</subfield>
    <subfield code="t">c.1</subfield>
    <subfield code="w">2023-03-21</subfield>
    <subfield code="y">BK</subfield>
  </datafield>
</record>
